[Event "Under 1300 knightworm78 Invitational #8"]
[Site "SchemingMind.com"]
[Date "2020.01.30"]
[Round "-"]
[White "Arthur Wilding"]
[Black "Bacon"]
[Result "1-0"]
[WhiteCountry "WLS"]
[BlackCountry "BER"]
[WhiteElo "1276"]
[WhiteRD "76"]
[BlackElo "1105"]
[BlackRD "78"]
[GameID "450814"]

1. d4 Nc6 2. e3 Nf6 3. Nc3 d6 4. Bb5 a6 5. Be2 Bf5 6. Nf3 e6 7. O-O d5 8. Bd3 Nb4 9. Bxf5 exf5 10. a3 Nc6
11. Re1 Bd6 12. Bd2 O-O 13. b4 h6 14. Ne2 Ng4 15. g3 g5 16. c3 Qe8 17. Qc2 h5 18. Qxf5 Qe6 19. Qxg5+ Qg6 20. Qxg6+ fxg6
21. Rab1 g5 22. Nxg5 Rxf2 23. Kh1 Rxh2+ 24. Kg1 Rf8 25. Rf1 Rxf1+ 26. Kxf1 Rf2+ 27. Ke1 Bxg3 28. Nxg3 h4 29. Kd1 Kg7 30. Ne2 Kg6
31. Ne6 h3 32. N6f4+ Kf5 33. Ng3+ Kg5 34. Kc2 Kh4 35. Nh1 Rh2 36. Nxd5 Nf2 37. Nxf2 Rxf2 38. Rd1 h2 39. Kd3 Kh3 40. Rh1 Kg2
41. Re1 h1=Q 42. Rxh1 Kxh1 43. Nxc7 Kg2 44. d5 Ne5+ 45. Ke4 Rxd2 46. Kxe5 Kf2 47. d6 Kxe3 48. Ke6 Rd3 49. d7 Ke4 50. Ke7 Rd4
51. d8=Q Rxd8 52. Kxd8 Kd3 53. b5 a5 54. Na6 Kxc3 55. Kc7 Kc4 56. Kb6 Kb3 57. Kxb7 Kxa3 58. Kc6 a4 59. b6 Kb3 60. b7 a3
61. b8=Q+ Kc2 62. Nb4+ Kc3 63. Na2+ Kc2 64. Qh2+ Kb3 65. Kc5 Ka4 66. Kc4 Ka5 67. Kb3 Kb5 68. Kxa3 Kc4 69. Qd2 Kc5 70. Nc3 Kc6
71. Kb4
1-0

[Event "Under 1300 knightworm78 Invitational #8"]
[Site "SchemingMind.com"]
[Date "2020.01.30"]
[Round "-"]
[White "Carl Lenox"]
[Black "Arthur Wilding"]
[Result "0-1"]
[WhiteCountry "CAN"]
[BlackCountry "WLS"]
[WhiteElo "1228"]
[WhiteRD "65"]
[BlackElo "1276"]
[BlackRD "76"]
[GameID "450815"]

1. e4 e5 2. Nf3 d6 3. d4 exd4 4. Bg5 Be7 5. Bxe7 Qxe7 6. Bd3 c5 7. Nbd2 Bg4 8. Qe2 Nd7 9. Bb5 a6 10. Ba4 Nf6
11. O-O-O O-O 12. Kb1 b5 13. Bb3 a5 14. h3 Bxf3 15. Qxf3 a4 16. Bd5 Nxd5 17. Rhe1 Nc7 18. g4 Ne5 19. Qg2 Nc4 20. f4 Nxd2+
21. Rxd2 Qd7 22. f5 f6 23. h4 Kh8 24. g5 Rg8 25. h5 Raf8 26. g6 h6 27. a3 Na6 28. b4 cxb4 29. Re3 dxe3
0-1

[Event "Under 1300 knightworm78 Invitational #8"]
[Site "SchemingMind.com"]
[Date "2020.01.30"]
[Round "-"]
[White "malcolm chugg"]
[Black "Arthur Wilding"]
[Result "1-0"]
[WhiteCountry "WLS"]
[BlackCountry "WLS"]
[WhiteElo "1209"]
[WhiteRD "51"]
[BlackElo "1234"]
[BlackRD "76"]
[GameID "450816"]

1. f4 e6 2. d4 d5 3. g3 Nf6 4. Bg2 Nc6 5. e3 Bb4+ 6. Bd2 O-O 7. a3 Bd6 8. Nc3 b6 9. Qf3 Na5 10. b3 Nd7
11. Nge2 Nc6 12. O-O a5 13. e4 dxe4 14. Nxe4 Kh8 15. Qd3 Ba6 16. c4 Be7 17. N4c3 Nf6 18. Bxc6 Ra7 19. Nb5 Bxb5 20. cxb5 Nd5
21. Nc3 Nxc3 22. Bxc3 Bf6 23. Rfe1 Be7 24. Bf3 a4 25. Bb4 Bxb4 26. axb4 Qd6 27. Qc4 Rd8 28. Red1 a3 29. Ra2 Kg8 30. h4 Qe7
31. Rdd2 Rd6 32. Bc6 h6 33. Qd3 Qf6 34. Kg2 Kf8 35. Kf2 g6 36. d5 exd5 37. Bxd5 Qe7 38. Qe3 Qxe3+ 39. Kg2 Rf6 40. Bc4 Ra8
41. Re2 Qc3 42. Kh3 h5 43. Rac2 Qa1 44. Ra2 Qd4 45. Red2 Qg1 46. Rg2 Qf1 47. Bxf1 c6 48. bxc6 Rxc6 49. Rg1 Rc3 50. Bg2 Ra7
51. Bd5 Rd3 52. Bc4 Re3 53. Rd1 Ree7 54. Rd8+ Kg7 55. Rb8 Rab7 56. Rxb7 Rxb7 57. Rxa3 Re7 58. Ra6 Rb7 59. Bd5 Rb8 60. Ra7 Rf8
61. Rb7 b5 62. Rxb5 Kh6 63. Rc5 f5 64. b5 Rd8 65. b6 Rb8 66. b7 Kg7 67. Rc8 Rxb7 68. Bxb7 Kf6 69. b4 Ke7 70. Rg8 Kf6
71. b5 Ke7 72. Rxg6 Kd8 73. Bc6 Kc7 74. Rg5 Kb6 75. Rxf5 Ka7 76. Rxh5 Kb6 77. f5 Kc7 78. f6 Kd6 79. f7 Ke7 80. Bd5 Kf8
81. b6 Ke7 82. b7 Kf8 83. b8=Q+ Kg7 84. Qh8+ Kg6 85. Qh6#
1-0

[Event "Under 1300 knightworm78 Invitational #8"]
[Site "SchemingMind.com"]
[Date "2020.01.31"]
[Round "-"]
[White "Arthur Wilding"]
[Black "James Reed"]
[Result "1-0"]
[WhiteCountry "WLS"]
[BlackCountry "ENG"]
[WhiteElo "1276"]
[WhiteRD "76"]
[BlackElo "1185"]
[BlackRD "73"]
[GameID "450817"]

1. d4 d5 2. e3 Nc6 3. Bb5 Nf6 4. Nf3 Bd7 5. a4 h6 6. Nc3 a6 7. Be2 Bf5 8. O-O e6 9. Bd2 Bd6 10. Bd3 Bxd3
11. cxd3 O-O 12. Ne2 Re8 13. Nc3 Qe7 14. Ne2 Ng4 15. g3 Nb4 16. Bxb4 Bxb4 17. Nc1 c6 18. Na2 Ba5 19. Rb1 Rab8 20. Nc1 Bb6
21. Ne2 Bc7 22. Nd2 Bd6 23. Nc3 b6 24. Ra1 a5 25. h4 Bb4 26. Qxg4 Bxc3 27. bxc3 Ra8 28. Nf3 f6 29. Rab1 Rab8 30. Rb2 Qa3
31. Rfb1 Qe7 32. Nd2 Qf7 33. Rxb6 Rxb6 34. Rxb6 Qc7 35. Rb1 Re7 36. Rb2 Qa7 37. e4 Qa8 38. exd5 exd5 39. Qd1 Re8 40. c4 Qa7
41. Qg4 Qe7 42. cxd5 Qe1+ 43. Kg2 cxd5 44. Nf3 Qc3 45. Rd2 Qb4 46. Ra2 Qe7 47. Rb2 Qc7 48. h5 Qc3 49. Rb5 Qxd3 50. Rxd5 Qc2
51. Rxa5 Rb8 52. Rb5 Rxb5 53. Qe6+ Kh7 54. axb5 Qc7 55. Qc6 Qxc6 56. bxc6
1-0

[Event "Under 1300 knightworm78 Invitational #8"]
[Site "SchemingMind.com"]
[Date "2020.01.31"]
[Round "-"]
[White "wight knight"]
[Black "Arthur Wilding"]
[Result "0-1"]
[WhiteCountry "ENG"]
[BlackCountry "WLS"]
[WhiteElo "1321"]
[WhiteRD "55"]
[BlackElo "1234"]
[BlackRD "76"]
[GameID "450818"]

1. e4 e5 2. Bc4 d6 3. Qf3 Nf6 4. d3 Bg4 5. Qe3 Nc6 6. c3 Bd7 7. b4 Be7 8. b5 Na5 9. f3 Nxc4 10. dxc4 O-O
11. Ba3 Ne8 12. Nh3 Bxh3 13. gxh3 Nf6 14. h4 Nd7 15. h5 h6 16. f4 Bh4+ 17. Kd2 Nb6 18. f5 Bg5 19. Qxg5 Qxg5+ 20. Kc2 Qg2+
21. Nd2 Nxc4 22. Rhd1 Nxa3+ 23. Kb3 Nxb5 24. h4 Qg3 25. Rdc1 Qxh4 26. Rh1 Qe7 27. Raf1 f6 28. Nf3 Qd7 29. Nh4 Rfc8 30. a4 Qf7+
31. Kc2 Na3+ 32. Kb2 Nc4+ 33. Ka1 Qd7 34. Rh2 Rcb8 35. Rg1 Qxa4+ 36. Ra2 Qb3 37. Nf3 Qxc3+ 38. Kb1 Qxf3 39. Rc1 Qxe4+ 40. Rcc2 Qxf5
41. Ra4 Ne3 42. Rh4 Nxc2 43. Kb2 Qf2 44. Kb3 Nd4+ 45. Kc4 Qxh4 46. Kd5 Qh1+ 47. Kc4 b5+ 48. Kb4 Qb1+ 49. Kc3 b4+ 50. Kc4 Qc2+
51. Kd5 Qb3+ 52. Ke4 f5#
0-1

[Event "Under 1300 knightworm78 Invitational #8"]
[Site "SchemingMind.com"]
[Date "2020.01.31"]
[Round "-"]
[White "im_cincinnati_kid37"]
[Black "malcolm chugg"]
[Result "1-0"]
[WhiteCountry "USA"]
[BlackCountry "WLS"]
[WhiteElo "1197"]
[WhiteRD "72"]
[BlackElo "1196"]
[BlackRD "51"]
[GameID "450819"]

1. e4 e5 2. Nf3 d6 3. d4 Nc6 4. Bb5 Bd7 5. O-O a6 6. Ba4 Nce7 7. Bxd7+ Qxd7 8. d5 Qg4 9. Nbd2 b5 10. b4 Ng6
11. h3 Qf4 12. Nb3 Qf6 13. Bg5 Be7 14. Bxf6 Bxf6 15. Na5 N8e7 16. a3 Ra7 17. Nc6 Nxc6 18. dxc6 O-O 19. g3 Raa8 20. Qd2 Rfd8
21. Qd5 Ne7 22. Qd1 Nxc6 23. c3 Rd7 24. Qc2 a5 25. Rfd1 a4 26. Qe2 Rb8 27. Rd2 Rb6 28. Rc1 Ne7 29. Rcd1 Nc8 30. Rd3 Be7
31. Nxe5 Rd8 32. Nf3 Na7 33. e5 Bf8 34. e6 Be7 35. exf7+ Kxf7 36. h4 Re8 37. Qa2+ Kf8 38. Ng5 Bxg5 39. hxg5 Re5 40. Rf3+ Ke8
41. Qf7+ Kd8 42. Qxg7 Re7 43. Qg8+ Kd7 44. Rf7 Rxf7 45. Qxf7+ Kc6 46. Qxh7 Rb8 47. Qe4+ Kd7 48. Qh7+ Kc6 49. Re1 Kb7 50. Re7 Rc8
51. Qe4+ Nc6 52. Rh7 Kb6 53. g6 Rg8 54. Kg2 Kb7 55. Qe6 Rc8 56. Rg7 Kb8 57. Rf7 Nd8 58. Qf5 Nxf7 59. gxf7 Rf8 60. g4
1-0

[Event "Under 1300 knightworm78 Invitational #8"]
[Site "SchemingMind.com"]
[Date "2020.01.30"]
[Round "-"]
[White "Bacon"]
[Black "malcolm chugg"]
[Result "1-0"]
[WhiteCountry "BER"]
[BlackCountry "WLS"]
[WhiteElo "1105"]
[WhiteRD "78"]
[BlackElo "1196"]
[BlackRD "51"]
[GameID "450820"]

1. e4 e5 2. Nf3 f6 3. Nc3 Bb4 4. Nd5 Bc5 5. b4 d6 6. Bb5+ c6 7. bxc5 cxb5 8. Rb1 Qa5 9. a3 Qa4 10. O-O Qa5
11. Rxb5 Qd8 12. cxd6 Qxd6 13. a4 Ne7 14. Nxe7 Qxe7 15. c4 a6 16. Rb2 O-O 17. Ra2 Bg4 18. h3 Be6 19. d4 Nd7 20. d5 Bf7
21. Ba3 Nc5 22. Bxc5 Qxc5 23. d6 Rfd8 24. d7 Be6 25. Rd2 Qxc4 26. a5 Qb5 27. Rd3 Bxd7 28. Qd2 Rac8 29. Rd1 Qc6 30. g4 g5
31. Rc3 Qxe4 32. Rxc8 Rxc8 33. Qxd7 Rf8 34. Kg2 h6 35. Qe6+ Rf7 36. Rd8+ Kg7 37. Qe8 f5 38. Qg8+ Kf6 39. Rf8 Rxf8 40. Qxf8+ Kg6
41. Qe8+ Kf6 42. gxf5 Qxf5 43. Qf8+ Kg6 44. Qxf5+ Kxf5 45. Kg3 h5 46. Nh2 e4 47. Kg2 Kf4 48. Kf1 g4 49. Ke2 gxh3 50. Nf1 h4
51. Nh2 Kg5 52. Ke3 Kf5 53. Ke2 Kf4 54. Kf1 e3 55. Ke2 exf2 56. Kxf2 Kg5 57. Kf3 Kf5 58. Ng4 Kg5 59. Nh2 Kh5= 60. Kf2 Kg5
61. Nf3+ Kg4 62. Nh2+ Kf4 63. Kg1 Kg3 64. Nf1+ Kf3 65. Kh2 Kg4 66. Ne3+ Kf3 67. Nc4
1-0

[Event "Under 1300 knightworm78 Invitational #8"]
[Site "SchemingMind.com"]
[Date "2020.01.30"]
[Round "-"]
[White "malcolm chugg"]
[Black "Carl Lenox"]
[Result "0-1"]
[WhiteCountry "WLS"]
[BlackCountry "CAN"]
[WhiteElo "1196"]
[WhiteRD "51"]
[BlackElo "1228"]
[BlackRD "65"]
[GameID "450821"]

1. f4 e5 2. fxe5 d6 3. Nf3 Ne7 4. e4 c5 5. h3 a6 6. Ng5 b5 7. d4 c4 8. d5 g6 9. Bf4 Bg7 10. Nf3 dxe5
11. Nxe5 O-O 12. c3 Bb7 13. Be2 Nd7 14. Nxd7 Qxd7 15. Bg4 f5 16. Bf3 a5 17. a3 a4 18. Rf1 Rfe8 19. Kf2 Rad8 20. d6 Nc6
21. exf5 Qxf5 22. Bh2 Bc8 23. Kg1 Bf8 24. g4 Qd7 25. Qd2 Bb7 26. Bh1 Re6 27. Bd5 Kg7 28. Bxe6 Qxe6 29. Re1 Qf7 30. d7 Rxd7
31. Qf2 Na5 32. Be5+ Kg8 33. Bd4 Nb3 34. Ra2 Rd8 35. Rd1 Qd5 36. Qh2 Bd6 37. Qe2 Qh1+ 38. Kf2 Qxh3 39. Qe6+ Kf8 40. Qf6+ Ke8
41. Qh8+ Kd7 42. Qg7+ Kc8 43. Bb6 Qg3+ 44. Kf1 Qg2+ 45. Ke1 Bg3+
0-1

[Event "Under 1300 knightworm78 Invitational #8"]
[Site "SchemingMind.com"]
[Date "2020.01.31"]
[Round "-"]
[White "James Reed"]
[Black "malcolm chugg"]
[Result "0-1"]
[WhiteCountry "ENG"]
[BlackCountry "WLS"]
[WhiteElo "1185"]
[WhiteRD "73"]
[BlackElo "1196"]
[BlackRD "51"]
[GameID "450822"]

1. e4 e5 2. Nf3 d6 3. Nc3 c6 4. h3 Be6 5. d3 d5 6. a3 Bd6 7. Be2 d4 8. Na2 h6 9. O-O b5 10. Bd2 Nd7
11. Nb4 Qc7 12. Re1 g5 13. Nh2 a5 14. Na2 Nc5 15. b3 Nf6 16. Ng4 Be7 17. b4 Nb7 18. Nxf6+ Bxf6 19. Nc1 O-O 20. Nb3 a4
21. Nc1 Bh8 22. Bg4 Qd7 23. Bxe6 Qxe6 24. Ne2 c5 25. Ng3 c4 26. Nf5 Nd6 27. Nxd6 Qxd6 28. Rb1 Qg6 29. c3 f6 30. Qe2 Rfc8
31. Qf3 dxc3 32. Bxc3 Ra7 33. Qg4 Rac7 34. Qe6+ Rf7 35. Qg4 f5 36. Qe2 f4 37. f3 Rcc7 38. Qd2 Rcd7 39. Rbd1 Qb6+ 40. Kh2 h5
41. Qe2 Qd8 42. Rd2 Rxd3 43. Rxd3 cxd3 44. Qd2 Rd7 45. Rd1 Rd6 46. Qb2 Re6 47. Qd2 Rd6 48. Rc1 Bf6 49. Bb2 Kf7 50. Rc3 g4
51. g3 gxf3 52. gxf4 exf4 53. Rc5 Bxb2 54. Qxb2 d2 55. Rf5+ Kg6 56. Rd5 Rxd5 57. exd5 Qxd5 58. Qc2+ Kg5
0-1

[Event "Under 1300 knightworm78 Invitational #8"]
[Site "SchemingMind.com"]
[Date "2020.01.31"]
[Round "-"]
[White "malcolm chugg"]
[Black "wight knight"]
[Result "1/2-1/2"]
[WhiteCountry "WLS"]
[BlackCountry "ENG"]
[WhiteElo "1209"]
[WhiteRD "51"]
[BlackElo "1321"]
[BlackRD "55"]
[GameID "450823"]

1. d4 e6 2. Nc3 c6 3. Nf3 f6 4. Bf4 Bb4 5. Qd2 g5 6. Be3 g4 7. Ng1 Bxc3 8. Qxc3 b5 9. O-O-O Ba6 10. Bf4 f5
11. Qd2 Nf6 12. f3 Nd5 13. Kb1 Nxf4 14. Qxf4 b4 15. e4 Bxf1 16. Rxf1 a5 17. Qe5 Ke7 18. Qf4 a4 19. exf5 a3 20. b3 h5
21. f6+ Kf7 22. fxg4 hxg4 23. Re1 Qxf6 24. Qxf6+ Kxf6 25. Re4 g3 26. h3 Kf5 27. Re1 d5 28. Ne2 Rg8 29. Ref1+ Kg6 30. Nf4+ Kh7
31. Rf3 Nd7 32. Nxe6 Nf8 33. Nxf8+ Raxf8 34. Rhf1 Rxf3 35. Rxf3 Kh6 36. Rf6+ Rg6 37. Rf3 Kh5 38. Kc1 Kh4 39. Kd2 Re6 40. Kd3=
1/2-1/2

[Event "Under 1300 knightworm78 Invitational #8"]
[Site "SchemingMind.com"]
[Date "2020.01.30"]
[Round "-"]
[White "Chessibelle"]
[Black "im_cincinnati_kid37"]
[Result "1-0"]
[WhiteCountry "ENG"]
[BlackCountry "USA"]
[WhiteElo "1172"]
[WhiteRD "53"]
[BlackElo "1188"]
[BlackRD "79"]
[GameID "450824"]

1. Nf3 c5 2. c4 Nc6 3. e3 d6 4. Be2 Be6 5. Nc3 Nf6 6. h3 Qd7 7. g3 Ne5 8. d3 Nxf3+ 9. Bxf3 Rb8 10. d4 cxd4
11. Qxd4 a6 12. O-O g6 13. b4 Bg7 14. g4 O-O 15. a3 Nxg4 16. Qd3 Ne5 17. Qe2 Nxf3+ 18. Qxf3 Bxc3 19. Rb1 Bxc4 20. Rd1 Be6
21. e4 Be5 22. Rd3 Rbc8 23. Qe3 Kg7 24. Qh6+ Kg8 25. Bd2 Bg7 26. Qh4 Kh8 27. f4 Kg8 28. Kg2 Rc7 29. Rg3 Rfc8 30. f5 gxf5
31. Qh6 Rc2 32. Qxg7#
1-0

[Event "Under 1300 knightworm78 Invitational #8"]
[Site "SchemingMind.com"]
[Date "2020.01.30"]
[Round "-"]
[White "Shanks"]
[Black "Chessibelle"]
[Result "0-1"]
[WhiteCountry "ENG"]
[BlackCountry "ENG"]
[WhiteElo "1277"]
[WhiteRD "61"]
[BlackElo "1172"]
[BlackRD "53"]
[GameID "450825"]

1. d4 d5 2. Nc3 e6 3. Nf3 f6 4. e4 c6 5. e5 h6 6. Bd3 g5 7. g4 Ne7 8. exf6 Ng8 9. Bg6+ Kd7 10. Ne5+ Kc7
11. f7 Ne7 12. Qd3 a6 13. Bh5 Bg7 14. Qg3 Kb6 15. Na4+ Ka7 16. Bd2 b5 17. Nc5 a5 18. Be3 Qb6 19. O-O Na6 20. Ncd3 Bb7
21. f8=Q Bxf8 22. Nd7 Qd8 23. Nxf8 Rxf8 24. f3 Ng8 25. Ne5 Nb4 26. Qf2 a4 27. a3 Na6 28. b3 Nc7 29. bxa4 Ne7 30. axb5 Nxb5
31. Nd3 Ba6 32. Nc5 Bc8 33. a4 Nc7 34. Nd3 Bb7 35. Nc5 Bc8 36. c3 Rg8 37. a5= Nb5 38. Bd2 Kb8 39. Qg3+ Nc7 40. Rfb1+ Ka7
41. Kg2 Ne8 42. Qf2 Qc7 43. Be1 e5 44. Qe3 Ng7 45. Bf7 Rf8 46. Bxd5 Nxd5 47. Qd2 Qf7 48. Qf2 Nf4+ 49. Kg3 Ngh5+ 50. gxh5 Qf5
51. Ne4 Qh3#
0-1

[Event "Under 1300 knightworm78 Invitational #8"]
[Site "SchemingMind.com"]
[Date "2020.01.30"]
[Round "-"]
[White "Chessibelle"]
[Black "Bacon"]
[Result "0-1"]
[WhiteCountry "ENG"]
[BlackCountry "BER"]
[WhiteElo "1172"]
[WhiteRD "53"]
[BlackElo "1080"]
[BlackRD "80"]
[GameID "450826"]

1. Nf3 Nc6 2. d4 d6 3. a3 Nf6 4. Nc3 Bg4 5. g3 d5 6. e3 e6 7. Bd2 e5 8. Be2 Bxf3 9. Bxf3 e4 10. Bg2 Ng4
11. Qxg4 g5 12. Qf5 Ne7 13. Qe5 Rg8 14. g4 Qd6 15. Nb5 Qxe5 16. dxe5 c6 17. Nc7+ Kd7 18. Nxa8 Bg7 19. Bc3 Ke6 20. Nc7+ Kd7
21. Ba5 b6 22. Bc3 Kxc7 23. b4 c5 24. O-O Kd7 25. h3 Ng6 26. Rad1 Ke6 27. Ra1 c4 28. a4 Bxe5 29. Bxe5 Nxe5 30. a5 b5
31. Rad1 a6 32. f3 f6 33. fxe4 h6 34. Rf2 Rc8 35. Rxd5 Rf8 36. Rfd2 c3 37. Rd6+ Kf7 38. Rxa6 cxd2 39. Ra7+ Kg6 40. Kh2 d1=Q
41. Rb7 Qxc2 42. Rxb5 Nf3+ 43. Kg3 Ne1 44. Bh1 Qe2 45. a6 Qf1 46. e5 Qxh1 47. Rd5 Qxd5
0-1

[Event "Under 1300 knightworm78 Invitational #8"]
[Site "SchemingMind.com"]
[Date "2020.01.30"]
[Round "-"]
[White "Carl Lenox"]
[Black "Chessibelle"]
[Result "0-1"]
[WhiteCountry "CAN"]
[BlackCountry "ENG"]
[WhiteElo "1228"]
[WhiteRD "65"]
[BlackElo "1144"]
[BlackRD "53"]
[GameID "450827"]

1. e4 e5 2. Nf3 Nc6 3. Bb5 Nge7 4. O-O g6 5. a3 d6 6. b4 Bg7 7. Bb2 Bd7 8. c4 Bf6 9. Re1 O-O 10. Nc3 a6
11. Ba4 b6 12. d3 a5 13. b5 Nd4 14. Nd5 Ne6 15. Qd2 Bg7 16. Rad1 f5 17. Ng5 Qe8 18. Bb3 h6 19. Nf3 g5 20. a4 f4
21. d4 Ng6 22. Bc3 h5 23. Nxg5 Nxg5 24. Nxc7 Qe7 25. Nxa8 Rxa8 26. d5 Qf6 27. Rc1 Bg4 28. Qd3 h4 29. f3 Bh5 30. Qf1 Qd8
31. Re2 Qd7 32. Be1 Qe7 33. Bxh4 Nxh4 34. g3 Nhxf3+ 35. Kh1 Nd4 36. Rb2 Kf7 37. Ba2 Rh8 38. gxf4 Ngf3 39. f5 Qh4 40. h3 Qf4
41. Bb1 Bg4 42. h4 Rxh4+
0-1

[Event "Under 1300 knightworm78 Invitational #8"]
[Site "SchemingMind.com"]
[Date "2020.01.30"]
[Round "-"]
[White "Chessibelle"]
[Black "Arthur Wilding"]
[Result "0-1"]
[WhiteCountry "ENG"]
[BlackCountry "WLS"]
[WhiteElo "1172"]
[WhiteRD "53"]
[BlackElo "1234"]
[BlackRD "76"]
[GameID "450828"]

1. Nf3 Nc6 2. d4 d5 3. g3 Nf6 4. e3 Bg4 5. Be2 e6 6. O-O Be7 7. c3 O-O 8. Bd3 Qd6 9. Be2 Nd7 10. a3 Bxf3
11. Bxf3 Kh8 12. Nd2 a5 13. a4 b6 14. Be2 e5 15. f4 exd4 16. exd4 Nf6 17. Nf3 Rfe8 18. Ng5 Rf8 19. b3 h6 20. Nh3 Ne4
21. Qd3 Bf6 22. Bd1 Rae8 23. Bc2 Re7 24. Nf2 Rfe8 25. Be3 Nd8 26. Rae1 g6 27. Qe2 Nxf2 28. Kxf2 Qd7 29. Qf3 Qc6 30. Bd2 h5
31. h4 Rxe1 32. Bxe1 Qd7 33. Bd2 c6 34. Bc1 Nb7 35. Ba3 Nd6 36. Qd3 Nf5 37. Qa6 Ne3 38. Rc1 Ng4+ 39. Kg2 Qe6 40. Kh3 Ne3+
41. Kh2 Nxc2 42. Bb2 Ne3 43. Kg1 Ng4 44. Rf1 Qe3+ 45. Kg2 Qd2+ 46. Kf3 Qxb2 47. Qxb6 Qxc3+ 48. Kg2 Ne3+ 49. Kf3 Nxf1+ 50. Kg2 Ne3+
51. Kh3 Nf5 52. Qc7 Qxg3#
0-1

[Event "Under 1300 knightworm78 Invitational #8"]
[Site "SchemingMind.com"]
[Date "2020.01.30"]
[Round "-"]
[White "malcolm chugg"]
[Black "Chessibelle"]
[Result "1-0"]
[WhiteCountry "WLS"]
[BlackCountry "ENG"]
[WhiteElo "1209"]
[WhiteRD "51"]
[BlackElo "1172"]
[BlackRD "53"]
[GameID "450829"]

1. d4 d5 2. Nc3 e6 3. Bd2 Nf6 4. e3 g6 5. Qf3 Be7 6. O-O-O Nc6 7. Nce2 O-O 8. Kb1 b6 9. Nc3 Bd7 10. Ba6 Rb8
11. Bd3 e5 12. a3 Bg4 13. Qg3 Bxd1 14. Nxd1 a5 15. dxe5 Nd7 16. Nf3 Kg7 17. Bc3 f6 18. e6 Nc5 19. Be2 Nxe6 20. Nh4 g5
21. Bd2 h6 22. Bb5 Na7 23. Be2 Nc6 24. Nf5+ Kg6 25. Bd3 Kf7 26. Nxh6+ Ke8 27. Bg6+ Kd7 28. Nf7 Qc8 29. Ne5+ fxe5 30. b4 axb4
31. Bxb4 Nxb4 32. axb4 Bd6 33. Qg4 Kc6 34. Bf5 Re8 35. Nc3 Bxb4 36. Ne2 Ra8 37. Qxb4 Qa6 38. Qc3+ Nc5 39. Nd4+ Kd6 40. Kc1 Ke7
41. Nc6+ Kd6 42. Nb4 Qa5 43. Rd1 Qb5 44. Bd3 Qa5 45. Kd2 e4 46. Be2 Qa7 47. Ke1 Qb8 48. Bh5 Rf8 49. Rxd5+ Ke6 50. Qe5#
1-0

[Event "Under 1300 knightworm78 Invitational #8"]
[Site "SchemingMind.com"]
[Date "2020.01.31"]
[Round "-"]
[White "Chessibelle"]
[Black "James Reed"]
[Result "0-1"]
[WhiteCountry "ENG"]
[BlackCountry "ENG"]
[WhiteElo "1172"]
[WhiteRD "53"]
[BlackElo "1224"]
[BlackRD "84"]
[GameID "450830"]

1. Nf3 Nf6 2. d4 g6 3. e3 d5 4. Nc3 Bg4 5. Be2 Ne4 6. Qd3 a6 7. b4 e6 8. O-O Bxb4 9. Bb2 Nc6 10. h3 Bxf3
11. Bxf3 Nxc3 12. Bg4 Qe7 13. a3 Ba5 14. Bxc3 Bxc3 15. Qxc3 O-O 16. f4 Qd6 17. Qb3 b6 18. Qb1 Na5 19. c3 Nc4 20. Qc1 Rfe8
21. Bf3 b5 22. Be2 c6 23. Bd3 a5 24. g4 a4 25. h4 Qe7 26. g5 Nd6 27. Qd2 Nc4 28. Be2 Nxd2
0-1

[Event "Under 1300 knightworm78 Invitational #8"]
[Site "SchemingMind.com"]
[Date "2020.01.31"]
[Round "-"]
[White "wight knight"]
[Black "Chessibelle"]
[Result "1-0"]
[WhiteCountry "ENG"]
[BlackCountry "ENG"]
[WhiteElo "1321"]
[WhiteRD "55"]
[BlackElo "1172"]
[BlackRD "53"]
[GameID "450831"]

1. e4 e5 2. Bc4 h6 3. Qf3 Nf6 4. d3 Be7 5. g4 d6 6. g5 hxg5 7. Bxg5 Nc6 8. c3 a6 9. Nd2 Bg4 10. Qg2 Bh5
11. Bxf6 Bxf6 12. Bd5 Qd7 13. Bxc6 Qxc6 14. h4 g6 15. f3 Be7 16. Nh3 O-O-O 17. f4 Bxh4+ 18. Nf2 Be7 19. a4 a5 20. Nc4 Qa6
21. fxe5 b5 22. Ne3 Qa7 23. d4 Qb6 24. Nd5 Qa6 25. Nxe7+ Kb8 26. Qf1 c6 27. axb5 cxb5 28. Ra4 Rd7 29. Nd5 Kc8 30. Ra2 a4
31. b3 Qb7 32. bxa4 Qc6 33. Qxb5 Qa8 34. Nb6+
1-0

[Event "Under 1300 knightworm78 Invitational #8"]
[Site "SchemingMind.com"]
[Date "2020.01.31"]
[Round "-"]
[White "James Reed"]
[Black "wight knight"]
[Result "1-0"]
[WhiteCountry "ENG"]
[BlackCountry "ENG"]
[WhiteElo "1185"]
[WhiteRD "73"]
[BlackElo "1316"]
[BlackRD "53"]
[GameID "450832"]

1. e4 e5 2. Nf3 f6 3. Nc3 c6 4. a3 Bc5 5. Bc4 b5 6. Be2 d6 7. h3 g5 8. d3 Qb6 9. O-O g4 10. hxg4 h5
11. b4 Bd4 12. Nxd4 exd4 13. Na2 hxg4 14. Bf4 Qb7 15. Bxg4 Bxg4 16. Qxg4 Qh7 17. f3 Nd7 18. Qe6+ Qe7 19. Qxd6 Qxd6 20. Bxd6 Kf7
21. Nc1 Rh6 22. Ne2 a5 23. Nxd4 axb4 24. axb4 Rxa1 25. Rxa1 Ne7 26. Bxe7 Kxe7 27. Nf5+ Ke6 28. Nxh6 Nf8 29. Ra6 Kd6 30. Ng4 Ne6
31. Nxf6 Kc7 32. g3 Nd4 33. Kf2 Nxc2 34. g4 Nxb4 35. Ra8 Nxd3+ 36. Ke3 Nb4 37. g5 Nc2+ 38. Kf4 b4 39. g6 b3 40. Rh8 b2
41. Rh1 c5 42. g7
1-0

[Event "Under 1300 knightworm78 Invitational #8"]
[Site "SchemingMind.com"]
[Date "2020.02.01"]
[Round "-"]
[White "WonkaEight"]
[Black "im_cincinnati_kid37"]
[Result "0-1"]
[WhiteCountry "AUS"]
[BlackCountry "USA"]
[WhiteElo "1367"]
[WhiteRD "67"]
[BlackElo "1197"]
[BlackRD "72"]
[GameID "450833"]

1. d4 Nf6 2. Nf3 g6 3. g3 Bg7 4. Bg5 d5 5. c4 Bd7 6. e3 Bc6 7. Bg2 dxc4 8. Nc3 Nd5 9. Ne5 Bxe5 10. dxe5 Nxc3
11. Qxd8+ Kxd8 12. bxc3 Bxg2 13. O-O-O+ Nd7 14. Rd4 Bxh1 15. f4 b5 16. g4 Bc6 17. f5 gxf5 18. gxf5 Kc8 19. Bxe7 Nxe5 20. Bf6 Rg8
21. Bxe5 Rg1+ 22. Kb2 Kb7 23. a4 bxa4 24. Rxc4 Rd8 25. Rb4+ Kc8 26. Rc4 Rd2+ 27. Ka3 a5 28. Rxc6 Ra1#
0-1

[Event "Under 1300 knightworm78 Invitational #8"]
[Site "SchemingMind.com"]
[Date "2020.02.01"]
[Round "-"]
[White "Shanks"]
[Black "WonkaEight"]
[Result "0-1"]
[WhiteCountry "ENG"]
[BlackCountry "AUS"]
[WhiteElo "1227"]
[WhiteRD "59"]
[BlackElo "1347"]
[BlackRD "67"]
[GameID "450834"]

1. Nf3 Nf6 2. d4 e6 3. a3 d5 4. e3 Bd6 5. Nc3 Nc6 6. h3 b6 7. Be2 Bb7 8. O-O O-O 9. Nb5 Be7 10. c4 a6
11. Nc3 Ne4 12. Nxe4 dxe4 13. Nd2 Nxd4 14. Bg4 Nf5 15. b3 Bh4 16. g3 Bxg3 17. fxg3 Nxg3 18. Rf2 Qd3 19. Bb2 Qxe3 20. Nf1 Nxf1
21. Kxf1 Qg3 22. Rg2 Qf4+ 23. Kg1 e3 24. Bxg7 Qe4 25. Qe2 Rfd8 26. Bf3 Qxf3 27. Bf6+ Qxg2+ 28. Qxg2+ Bxg2 29. Kxg2 Rd2+ 30. Kf1 c5
31. Bg5 e2+ 32. Ke1 Rc2 33. h4 Kg7 34. Bf4 Rd8 35. Bg3 Rd3
0-1

[Event "Under 1300 knightworm78 Invitational #8"]
[Site "SchemingMind.com"]
[Date "2020.02.01"]
[Round "-"]
[White "WonkaEight"]
[Black "Bacon"]
[Result "1-0"]
[WhiteCountry "AUS"]
[BlackCountry "BER"]
[WhiteElo "1367"]
[WhiteRD "67"]
[BlackElo "1105"]
[BlackRD "78"]
[GameID "450835"]

1. e4 e5 2. Nf3 Nc6 3. Bc4 a6 4. d4 exd4 5. Nxd4 Nxd4 6. Qxd4 Bb4+ 7. Nc3 c6 8. O-O Nf6 9. Bg5 h6 10. Bh4 c5
11. Qd6 Bxc3 12. bxc3 g5 13. Bg3 Nxe4 14. Qe5+ Qe7 15. Qxh8+ Qf8 16. Qh7 Nf6 17. Bxf7+ Qxf7 18. Rfe1+ Kf8 19. Bd6+ Qe7 20. Qxe7+ Kg8
21. Qxf6 Kh7 22. Re7+ Kg8 23. Qg7#
1-0